000 00573nam a2200229Ia 4500
005 20260429111934.0
008 260429s9999||||xx |||||||||||||| ||und||
020 _a9789384568528
041 _aEnglish
082 _a633
_bSIN
100 _aSingh, P.
245 0 _aPlantation and spice crops /
_cP. Singh
250 _a1st ed.
260 _aJaipur :
_bAgrotech Press,
_c2025.
300 _aviii, 264 p.; hb
650 _a Agriculture
650 _a Cash crops
650 _a Horticulture
650 _a Spice crops
650 _aPlantation crops
942 _cTB
999 _c51527
_d51527